| 000 | 01149cam a22003014a 4500 | ||
|---|---|---|---|
| 001 | 13559708 | ||
| 003 | ARRUPE | ||
| 005 | 20150911150257.0 | ||
| 008 | 040415s2005 nyu b s001 0 eng | ||
| 010 | _a 2004048161 | ||
| 020 | _a0791463133 (alk. paper) | ||
| 020 | _a0791463141 (pbk. : alk. paper) | ||
| 040 |
_aDLC _cDLC _dDLC |
||
| 042 | _apcc | ||
| 050 | 0 | 0 |
_aB67 _b.W54 2005 |
| 082 | 0 | 0 |
_a501 _222 |
| 100 | 1 |
_aWiener, Linda, _d1957- _919830 |
|
| 245 | 1 | 0 |
_aLeaving us to wonder : _ban essay on the questions science can't ask / _cLinda Wiener and Ramsey Eric Ramsey. |
| 260 |
_aAlbany : _bState University of New York Press, _cc2005. |
||
| 300 |
_aix, 163 p. ; _c22 cm. |
||
| 440 | 0 |
_aSUNY series in philosophy and biology _919222 |
|
| 504 | _aIncludes bibliographical references (p. 153-159) and index. | ||
| 650 | 0 |
_aPhilosophy and science. _919831 |
|
| 700 | 1 |
_aRamsey, Ramsey Eric, _d1960- _919832 |
|
| 906 |
_a7 _bcbc _corignew _d1 _eocip _f20 _gy-gencatlg |
||
| 942 |
_2lcc _cMONOGRAPH |
||
| 999 |
_c123403 _d123403 |
||